Circuits de Formule 1 2024 - Statistiques

Statistiques générales
  • Ce quiz a été pris 113 fois
  • Le résultat moyen est 17 sur 24
Statistiques - réponses
Par images Réponse % Correct
Monaco
95%
Suzuka - Japon
91%
Barcelone - Espagne
86%
Monza - Italie
86%
Sakhir - Bahreïn
83%
Spa Francorchamps - Belgique
83%
Shanghaï - Chine
78%
Djeddah - Arabie saoudite
76%
Spielberg - Autriche
72%
Las Vegas - Etats-Unis
71%
Melbourne - Australie
71%
Bakou - Azerbidjan
67%
Imola - Emilia Romagna
67%
Montréal - Canada
66%
Miami - Etats-Unis
64%
Sao Paulo - Brésil
64%
Budapest - Hongrie
62%
Losail - Qatar
62%
Marina Bay - Singapour
62%
Silverstone - Royaume-Uni
60%
Yas Marina - Abu Dhabi - Emirats Arabes Unis
60%
Zandvoort - Pays-Bas
59%
Mexico city - Mexique
48%
Austin - Etats-Unis
47%
Aucun quiz correspondant
Distribution des résultats
% des personnes avec chaque résultat
Percentile par nombre de réponses
Votre historique - résultats
Vous n’avez pas pris ce quiz